<?xml version="1.0" encoding="UTF-8"?>
<record
    xmlns:xsi="http://www.w3.org/2001/XMLSchema-instance"
    xsi:schemaLocation="http://www.loc.gov/MARC21/slim http://www.loc.gov/standards/marcxml/schema/MARC21slim.xsd"
    xmlns="http://www.loc.gov/MARC21/slim">

  <leader>01085cam a2200193 a 4500</leader>
  <controlfield tag="001">000018749</controlfield>
  <controlfield tag="005">20200929165842.0</controlfield>
  <controlfield tag="008">790125s1969    sp            000 1 spa d</controlfield>
  <datafield tag="020" ind1=" " ind2=" ">
    <subfield code="a">8401435153:</subfield>
  </datafield>
  <datafield tag="040" ind1=" " ind2=" ">
    <subfield code="a">DO-SdBNP</subfield>
    <subfield code="b">spa</subfield>
    <subfield code="c">BNPHU</subfield>
  </datafield>
  <datafield tag="100" ind1="1" ind2=" ">
    <subfield code="a">Candel, Francisco.</subfield>
    <subfield code="9">40464</subfield>
  </datafield>
  <datafield tag="245" ind1="1" ind2="0">
    <subfield code="a">Treinta mil pesetas por um hombre /</subfield>
    <subfield code="c">Francisco Candel.</subfield>
  </datafield>
  <datafield tag="260" ind1=" " ind2=" ">
    <subfield code="a">Madrid :</subfield>
    <subfield code="b">Alfaguara,</subfield>
    <subfield code="c">1969.</subfield>
  </datafield>
  <datafield tag="300" ind1=" " ind2=" ">
    <subfield code="a">219 p. ;</subfield>
    <subfield code="c">19 cm.</subfield>
  </datafield>
  <datafield tag="490" ind1="1" ind2=" ">
    <subfield code="a">Narraci&#xF3;n Bolsillo</subfield>
    <subfield code="v">3</subfield>
  </datafield>
  <datafield tag="505" ind1="0" ind2=" ">
    <subfield code="g">Dedicatoria --</subfield>
    <subfield code="t">El abrigo --</subfield>
    <subfield code="t">El gitano que ten&#xED;a el coraz&#xF3;n grande --</subfield>
    <subfield code="t">El veterano --</subfield>
    <subfield code="t">!Tr&#xE1;game, tierra! --</subfield>
    <subfield code="t">Con&#xE9; --</subfield>
    <subfield code="t">La fusila --</subfield>
    <subfield code="t">En la comisar&#xED;a --</subfield>
    <subfield code="t">Premeditaci&#xF3;n y alevos&#xED;a --</subfield>
    <subfield code="t">Treinta mil pesetas por un hombre --</subfield>
    <subfield code="t">Cuanto m&#xE1;s te quiero, m&#xE1;s te apu&#xF1;ego --</subfield>
    <subfield code="t">Fray Gerundio de Campazas --</subfield>
    <subfield code="t">!Yo quiero volver a M&#xE1;laga! --</subfield>
    <subfield code="t">Carta de Alemania --</subfield>
    <subfield code="t">El hombre que se escrib&#xED;a con Franco --</subfield>
    <subfield code="t">La navidad de los pobres --</subfield>
    <subfield code="t">Lecci&#xF3;n de caridad --</subfield>
    <subfield code="t">El despido --</subfield>
    <subfield code="t">Que se mueran los feos --</subfield>
    <subfield code="t">Do&#xF1;a Marina Morada de la Vela.</subfield>
  </datafield>
  <datafield tag="830" ind1=" " ind2="0">
    <subfield code="a">Narraci&#xF3;n Bolsillo,</subfield>
    <subfield code="v">3</subfield>
    <subfield code="9">30956</subfield>
  </datafield>
  <datafield tag="910" ind1=" " ind2=" ">
    <subfield code="a">Catalogaci&#xF3;n derivada / LC</subfield>
  </datafield>
  <datafield tag="952" ind1=" " ind2=" ">
    <subfield code="0">0</subfield>
    <subfield code="1">0</subfield>
    <subfield code="5">2</subfield>
    <subfield code="7">0</subfield>
    <subfield code="8">MO</subfield>
    <subfield code="a">GR</subfield>
    <subfield code="b">GR</subfield>
    <subfield code="c">CT</subfield>
    <subfield code="d">2010-05-14</subfield>
    <subfield code="i">LF1</subfield>
    <subfield code="l">0</subfield>
    <subfield code="o"> </subfield>
    <subfield code="p">18749-10</subfield>
    <subfield code="r">2020-06-25</subfield>
    <subfield code="w">2020-06-25</subfield>
    <subfield code="y">2</subfield>
    <subfield code="Z">Pr&#xE9;stamo interno</subfield>
  </datafield>
  <datafield tag="999" ind1=" " ind2=" ">
    <subfield code="c">18269</subfield>
    <subfield code="d">18269</subfield>
  </datafield>
</record>
